|
|
|
|
| LEADER |
00999nam a2200241 a 4500 |
| 001 |
GR-MES1756 |
| 008 |
991111s1997 mau b 001 b eng d |
| 020 |
|
|
|a 0792398890
|
| 040 |
|
|
|a GrPaTEI
|b gre
|c GR-PaULI
|
| 245 |
0 |
0 |
|a Optimization in quality control.
|
| 260 |
|
|
|a Boston :
|b Kluwer Academic Publishers,
|c 1997
|
| 300 |
|
|
|a 387σ. :
|b διαγρ.,πίν.
|
| 504 |
|
|
|a Περιλαμβάνει βιβλιογραφικές παραπομπές και ευρετήριο.
|
| 650 |
|
4 |
|a ΕΛΕΝΧΟΣ ΠΑΡΑΓΩΓΗΣ
|
| 650 |
|
4 |
|a ΜΕΘΟΔΟΙ ΣΤΑΤΙΣΤΙΚΗΣ
|
| 650 |
|
4 |
|a Ποιοτικός έλεγχος
|
| 700 |
1 |
|
|a Al-Sultan, Khaled
|
| 700 |
1 |
|
|a Rahim, M.
|
| 710 |
0 |
|
|a Kluwer Academic Publishers
|
| 942 |
|
|
|2 ddc
|
| 952 |
|
|
|0 0
|1 0
|2 ddc
|4 0
|6 658_562000000000000_ALS
|7 0
|9 266032
|a MSLG
|b MSLG
|c BSC
|d 2021-01-17
|e 24
|f 0
|g 0.00
|l 0
|o 658.562 ALS
|p 2420000013524
|r 2021-01-17 00:00:00
|t 1
|w 2021-01-17
|y BK15
|x 19991111 0 1
|x GrPaTEI
|
| 971 |
|
|
|a .b25728003
|b 15-04-20
|c 13-09-16
|
| 999 |
|
|
|c 152956
|d 152956
|